000
002900000a22000970004500
100
1
_a
Amit, Yairah
245
1
0
_a
Progression as a rhetorial device in biblical literature
300
_a
Vol. 28, Núm 1 (2003), Páginas 3-32
773
0
_t
Journal for the Study of the Old Testament
942
_c
ANA
999
_c
54942
_d
54942